| 000 | 00788cam a2200253 a 4500 | ||
|---|---|---|---|
| 008 | |||
| 020 | _a157766048X (hbk.) | ||
| 049 | _aMAIN | ||
| 090 |
_aTD146 _bCOO |
||
| 100 | 1 | _aCooper, C. David. | |
| 245 | 1 | 0 |
_aFoundations of environmental engineering / _cC. David Cooper, John D. Dietz, and Debra R. Reinhart. |
| 260 |
_aProspect Heights, Ill. : _bWaveland, _cc2000. |
||
| 300 |
_axiv, 369 p. : _bill. ; _c25 cm. |
||
| 504 | _aIncludes bibliographical references. | ||
| 500 | _aIncludes index. | ||
| 650 | 0 | _aEnvironmental engineering. | |
| 700 | 1 | _aDietz, John D. | |
| 700 | 1 | _aReinhart, Debra R. | |
| 907 |
_a.b10346776 _b18-08-14 _c18-08-14 |
||
| 003 | |||
| 005 | 20230123122107.0 | ||
| 040 | _cNUST | ||
| 942 |
_cBOOKS _kTD146 _mCOO |
||
| 999 |
_c127684 _d127684 |
||